Tendencie prekladateľskej tvorby

Tendencie prekladateľskej tvorby podľa niektorých autorov. Zásady, ktoré by mal prekladateľ dodržiavať pri prekladaní. Aspekty prekladateľského procesu.

Salvato in:
Dettagli Bibliografici
Autore principale: Mikolajová, Zuzana
Natura: Capitolo di libro
Lingua:slovacco
Soggetti:
Tags: Aggiungi Tag
Nessun Tag, puoi essere il primo ad aggiungerne!!

MARC

LEADER 00000nla$a2200000$$$4500
001 0120405
005 20240502072342.8
041 0 |a slo 
044 |a SK 
245 1 0 |a Tendencie prekladateľskej tvorby  |c Zuzana Mikolajová 
520 |a Tendencie prekladateľskej tvorby podľa niektorých autorov. Zásady, ktoré by mal prekladateľ dodržiavať pri prekladaní. Aspekty prekladateľského procesu. 
610 2 0 |a prekladatelia 
610 2 0 |a jazyky cudzie 
610 2 0 |a kompetencie 
610 2 0 |a vedomosti 
100 1 |a Mikolajová, Zuzana